Over the mountains and far away : studies in near Eastern history and archaeology presented to Mirjo Salvini on the occasion of his 80th birthday /
The publication of 'Over the Mountains and Far Away' was initiated by the Institute of Archaeology and Ethnography, National Academy of Sciences of Armenia, the International Association of Mediterranean and Oriental Studies (Rome, Italy) and the Association for Near Eastern and Caucasian...
مؤلفون آخرون: , , ,
التنسيق: كتاب الكتروني
اللغة: English
منشور في:
Summertown, Oxford :
Archaeopress Publishing Ltd,
2019.
الموضوعات:
الوصول للمادة أونلاين: Login to view Source
الوسوم: إضافة وسم
رقم الطلب: DS62.2
| LEADER | 02606nam a2200445 i 4500 | ||
|---|---|---|---|
| 001 | EDZ0002059940 | ||
| 003 | StDuBDS | ||
| 005 | 20230412182254.0 | ||
| 006 | m|||||o||d|||||||| | ||
| 007 | cr ||||||||||| | ||
| 008 | 190429s2019 enka fo 010|0|eng|d | ||
| 020 | |a 9781784919443 (ebook) : |c No price | ||
| 040 | |a StDuBDS |b eng |c StDuBDS |e rda |e pn | ||
| 050 | 4 | |a DS62.2 | |
| 082 | 0 | 4 | |a 939.4 |2 23 |
| 245 | 0 | 0 | |a Over the mountains and far away : |b studies in near Eastern history and archaeology presented to Mirjo Salvini on the occasion of his 80th birthday / |c edited by Pavel S. Avetisyan, Roberto Dan and Yervand H. Grekyan. |
| 264 | 1 | |a Summertown, Oxford : |b Archaeopress Publishing Ltd, |c 2019. | |
| 300 | |a 1 online resource (xviii, 572 pages) : |b illustrations (black and white, and colour) | ||
| 336 | |a text |2 rdacontent | ||
| 336 | |a still image |2 rdacontent | ||
| 337 | |a computer |2 rdamedia | ||
| 338 | |a online resource |2 rdacarrier | ||
| 500 | |a Also issued in print: 2019. | ||
| 520 | 8 | |a The publication of 'Over the Mountains and Far Away' was initiated by the Institute of Archaeology and Ethnography, National Academy of Sciences of Armenia, the International Association of Mediterranean and Oriental Studies (Rome, Italy) and the Association for Near Eastern and Caucasian Studies (Yerevan, Armenia) as a tribute to the career of Professor Mirjo Salvini on the occasion his 80th birthday. It is composed of 62 papers written by his colleagues and students from Italy, Germany, France, Spain, Poland, the Netherlands, Denmark, Austria, Great Britain, Russian Federation, Israel, Turkey, Islamic Republic of Iran, Georgia, United States and Armenia. The contributions presented here cover numerous topics, a wide geographical area and a long chronological period. | |
| 521 | |a Specialized. | ||
| 588 | |a Description based on online resource; title from home page (viewed on May 29, 2019). | ||
| 651 | 0 | |a Middle East |x History |y To 622. | |
| 651 | 0 | |a Middle East |x Antiquities. | |
| 650 | 0 | |a Urartians |x History. | |
| 650 | 0 | |a Hittites |x History. | |
| 650 | 0 | |a Excavations (Archaeology) |z Middle East. | |
| 700 | 1 | |a Salvini, Mirjo, |e honouree. | |
| 700 | 1 | |a Avetisyan, P. S. |q (Pavel S.), |d 1957- |e editor. | |
| 700 | 1 | |a Dan, Roberto, |e editor. | |
| 700 | 1 | |a Grekyan, Yervand H., |e editor. | |
| 776 | 0 | 8 | |i Print version : |z 9781784919436 |
| 856 | 4 | 0 | |3 Archaeopress |u http://library.arce.org:8087/Archaeopress/Products/9781784919436 |
| 942 | |2 lcc |c EBOOK | ||
| 952 | |0 0 |1 0 |4 0 |6 DS00622 |7 1 |9 46430 |a ARCH |b ARCH |d 2023-04-12 |l 0 |o DS62.2 |r 2023-04-12 00:00:00 |w 2023-04-12 |y EBOOK | ||
| 999 | |c 52088 |d 52088 | ||
